000 00825cam a2200277 i 4500
001 768714001
003 CO-MdBIC
005 20231201165135.0
008 231201t1976 -us||||| |||| 00| 0 eng d
020 _a0-8474-1233-4
040 _bspa.
_aCO-MdFUSB
_cCO-MdFUSB
_dCO-MdFUSBC
_erda
041 _aeng
082 0 4 _aG 232 E643p
100 1 _aEpp, Theodore H. (1907-)
245 1 0 _aPortraits of Christ in the tabernacle / Theodore H. Epp
_c/
264 1 _aLincoln, Nebraska, USA : Back to the Bible
_bBack to the Bible Broadcast,
_c[1976]
264 4 _c©1976
300 _a158 Pag
_c;
336 _atexto
_btxt
_2rdacontent
337 _2rdamedia
_asin mediación
_bn
338 _2rdacarrier
_avolumen
_bnc
650 7 _aCristología
_9239
650 7 _aTeología bíblica
_9320
942 _cBK
945 _ajohan1477
999 _c34577
_d34577